01018nam a2200217 a 450000100100000000500170001000800410002704000250006808200160009310000300010924000450013924501580018426000300034230000280037249000370040059000750043770000400051283000440055295201870059699900170078300003493820200930074010.0111021s1963 sp a 000 0 spa d aDO-SdBNPbspacBNPHU axxxxbB162a1 aBainton, Roland H.96051101aChristian attitudes toward war and peace10aActitudes cristianas ante la guerra y la paz. :bexamen historico y nueva valoración crítica /cRoland H. Bainton; traducción Rafael Muñoz Rojas. aMadrid, :bTecnos,c1963. a247 p. :bil. ;c23 cm.1 aColección de ciencias sociales aPerteneció a la biblioteca personal de Juan Isidro Jimenes-Grullón1 aMuñoz Rojas, Rafaeletrad.960512 0aColección de ciencias sociales960513 001050718MOaGRbGRcCTd2011-10-21iLF1l0oxxxx B162ap34938-10r2020-06-25w2020-06-25y1zPerteneció a la biblioteca personal de Juan Isidro Jimenes Grullón.ZNo se presta c34429d34429